The challenge of life / (Запис № 479425)
[ простий вигляд ]
| 000 -LEADER | |
|---|---|
| fixed length control field | 01211nam a2200277Ii 4500 |
| 001 - CONTROL NUMBER | |
| control field | challengeoflife00moor |
| 003 - CONTROL NUMBER IDENTIFIER | |
| control field | CaSfIA |
| 005 - DATE AND TIME OF LATEST TRANSACTION | |
| control field | 20210117223221.0 |
| 007 - PHYSICAL DESCRIPTION FIXED FIELD--GENERAL INFORMATION | |
| fixed length control field | cr|||| |
| 008 - FIXED-LENGTH DATA ELEMENTS--GENERAL INFORMATION | |
| fixed length control field | 760715s1925 nyu 000 0 eng d |
| 040 ## - CATALOGING SOURCE | |
| Original cataloging agency | KSU |
| Transcribing agency | KSU |
| Modifying agency | CaSfIA |
| 035 ## - SYSTEM CONTROL NUMBER | |
| System control number | (OCoLC)2314117 |
| 050 #4 - LIBRARY OF CONGRESS CALL NUMBER | |
| Classification number | BJ1581 |
| Item number | .M76x |
| 082 #4 - DEWEY DECIMAL CLASSIFICATION NUMBER | |
| Classification number | 170 |
| 029 1# - (OCLC) | |
| OCLC library identifier | NLGGC |
| System control number | 091593018 |
| 100 1# - MAIN ENTRY--PERSONAL NAME | |
| Personal name | Moore, Charles Forrest, |
| Dates associated with a name | 1863- |
| 245 14 - TITLE STATEMENT | |
| Title | The challenge of life / |
| Medium | [electronic resource] |
| Statement of responsibility, etc | by Charles Forrest Moore ; introduction by S. Parkes Cadman. |
| 260 ## - PUBLICATION, DISTRIBUTION, ETC. (IMPRINT) | |
| Place of publication, distribution, etc | New York : |
| Name of publisher, distributor, etc | W.E. Rudge, |
| Date of publication, distribution, etc | 1925. |
| 300 ## - PHYSICAL DESCRIPTION | |
| Extent | 176 p. ; |
| Dimensions | 25 cm. |
| 506 ## - RESTRICTIONS ON ACCESS NOTE | |
| Standardized terminology for access restriction | Необхідна авторизація на https://archive.org/ (створення облікового запису безкоштовно) |
| 506 ## - RESTRICTIONS ON ACCESS NOTE | |
| Standardized terminology for access restriction | Необхідна авторизація на https://openlibrary.org/ (створення облікового запису безкоштовно) |
| 650 #0 - SUBJECT ADDED ENTRY--TOPICAL TERM | |
| Topical term or geographic name as entry element | Conduct of life. |
| 856 41 - ELECTRONIC LOCATION AND ACCESS | |
| Uniform Resource Identifier | <a href="http://www.archive.org/details/challengeoflife00moor">http://www.archive.org/details/challengeoflife00moor</a> |
| Public note | Free eBook from the Internet Archive |
| 856 42 - ELECTRONIC LOCATION AND ACCESS | |
| Uniform Resource Identifier | <a href="http://www.openlibrary.org/books/OL24375736M">http://www.openlibrary.org/books/OL24375736M</a> |
| Public note | Additional information and access via Open Library |
| 942 ## - ADDED ENTRY ELEMENTS (KOHA) | |
| Koha item type | ЕКнига |
Немає доступних примірників.